000 00403nam a22001577a 4500
003 macl
005 20170108151552.0
008 170108b xxu||||| |||| 00| 0 eng d
040 _cmacl
082 _a530
100 _aNCERT
_94590
245 _aभौतिक भाग 2
_bकक्षा 11
260 _aदिल्‍ली
_bNCERT
_c2006
650 _aभौतिक
_951377
942 _2ddc
_cHIN
999 _c55797
_d55797